000 00430nam a22001097a 4500
082 _a080
100 _aडकवर्थ, एंजेला
_982039
245 _aसंंकल्‍प-श‍क्ति
_bजुनून और जिद की ताकत
260 _aभोपाल
_bमंजुला पब्लिशिंग हाउस
_c2023
650 _aसामान्‍य वर्ग
_936
942 _cBK
999 _c66357
_d66357